International Journal of Obstetrics and Gynaecology Nursing (Record no. 1677)
[ view plain ]
| 000 -LEADER | |
|---|---|
| Fixed length control field | 00541nas a22001937a 4500 |
| 003 - CONTROL NUMBER IDENTIFIER | |
| Control field | IIN |
| 005 - DATE AND TIME OF LATEST TRANSACTION | |
| Control field | 20250304105108.0 |
| 008 - FIXED-LENGTH DATA ELEMENTS--GENERAL INFORMATION | |
| Fixed length control field | 250304c |||gr|p| |||| 00| 0 eng d |
| 040 ## - CATALOGING SOURCE | |
| Original cataloging agency | IIN |
| 245 ## - TITLE STATEMENT | |
| Title | International Journal of Obstetrics and Gynaecology Nursing |
| 260 ## - IMPRINT | |
| Place of publication | Chennai |
| Name of publisher | McMed International |
| Date of publication | 2014 |
| 300 ## - PHYSICAL DESCRIPTION | |
| Page / Vol. No | Vol. 1 No. 1 |
| 310 ## - CURRENT PUBLICATION FREQUENCY | |
| Current publication frequency | Bi-annual |
| 650 ## - SUBJECT ADDED ENTRY--TOPICAL TERM | |
| Topical term | NURSING - PERIODICAL |
| 650 ## - SUBJECT ADDED ENTRY--TOPICAL TERM | |
| Topical term | OBSTETRICS - PERIODICAL |
| 650 ## - SUBJECT ADDED ENTRY--TOPICAL TERM | |
| Topical term | GYNECOLOGY - PERIODICAL |
| 856 ## - ELECTRONIC LOCATION AND ACCESS | |
| Uniform Resource Identifier | https://mcmed.us/allissue/IJOGN |
| 942 ## - ADDED ENTRY ELEMENTS (KOHA) | |
| Koha item type | Serials |
No items available.
